000 00680nam a22001937a 4500
005 20230920172425.0
010 _aENG-113052 ENG-137317
020 _a9789385160219
_c695.00
035 _aEN-96584 EN-120849
037 _bDBAB/PUB
082 _a920
245 _aBharat Ratna:
_bAtal Bihari Vajpayee/
_cEdited by Harsharan Singh
260 _aNew Delhi
_bLenin Media
_c2015
270 _a204-205, IInd Floor, Durga Complex Centre Shoping Complex Mayur Vihar, Phase-II,
_bNew Delhi
_e110091
300 _a256p. :
_c22cm(Hb)
_bill.
500 _aIncludes bibliographical references and index
700 _aHarsharan Singh
_957203
942 _2ddc
_cEN
_mVAJ
_h920
999 _c93606
_d93606